[Event "6th WUCC"]
[Site "Golden Sands BUL"]
[Date "2000.09.06"]
[Round "6"]
[White "Iljushin,A"]
[Black "Lindfeldt,J"]
[Result "0-1"]
[WhiteElo "2509"]
[BlackElo "2326"]

1.d4 d5 2.c4 Nc6 3.Nc3 Nf6 4.Nf3 dxc4 5.e4 Bg4 6.Be3 e5 7.d5 Nb8 8.Bxc4 Bd6
9.Qb3 Bxf3 10.gxf3 Qc8 11.Nb5 O-O 12.Bxa7 Na6 13.Nxd6 cxd6 14.Be3 Nc5 15.Qb5 Qh3
16.Ke2 Rfc8 17.a4 Qh5 18.Rhc1 Ncxe4 19.Bd3 Nc5 20.Bxc5 dxc5 21.Rxc5 Rxc5
22.Qxc5 e4 23.Bc4 exf3+ 24.Kd1 Qg4 25.Rc1 Rc8 26.Qb6 Nxd5 27.Qd6 Qd4+ 28.Ke1 Re8+
29.Kf1  0-1

[Event "chT-POL"]
[Site "Zakopane chT"]
[Date "2000.09.11"]
[Round "9"]
[White "Grycel,K"]
[Black "Dubiel,J"]
[Result "1/2-1/2"]
[WhiteElo "2218"]
[BlackElo "2359"]

1.d4 d5 2.c4 Nc6 3.cxd5 Qxd5 4.e3 e5 5.Nc3 Bb4 6.Bd2 Bxc3 7.bxc3 Nf6 8.f3 O-O
9.e4 Qd6 10.d5 Ne7 11.Be3 Nd7 12.c4 f5 13.Nh3 fxe4 14.fxe4 Nc5 15.Nf2 Ng6
16.g3 b6 17.Be2 Bd7 18.O-O Rad8  1/2-1/2

[Event "EuYCh B14"]
[Site "Halkidiki GRE"]
[Date "2000.10.09"]
[Round "8"]
[White "Grkovic,V"]
[Black "Nemeth,Mi"]
[Result "0-1"]
[WhiteElo "2187"]
[BlackElo "2179"]

1.d4 d5 2.c4 Nc6 3.Nf3 Bg4 4.e3 e5 5.dxe5 d4 6.Qa4 Bxf3 7.gxf3 Bb4+ 8.Bd2 Bxd2+
9.Nxd2 dxe3 10.fxe3 Qh4+ 11.Ke2 O-O-O 12.Rd1 Nge7 13.Bg2 Qg5 14.Kf2 Rd3 15.Rhe1 Qh4+
16.Ke2 Rhd8 17.Nf1 Nxe5 18.Rxd3 Nxd3 19.Ng3 Qxh2  0-1

[Event "3rd Int"]
[Site "Torshavn FAI"]
[Date "2000.10.12"]
[Round "7"]
[White "Petersen,Te"]
[Black "Simonsen,O"]
[Result "1-0"]
[WhiteElo "2142"]
[BlackElo "2183"]

1.d4 d5 2.c4 Nc6 3.Nf3 e5 4.dxe5 Bb4+ 5.Bd2 dxc4 6.e3 Be6 7.Qc2 b5 8.b3 Bxd2+
9.Nbxd2 Nb4 10.Qc3 Nd3+ 11.Bxd3 Qxd3 12.Qxd3 cxd3 13.Nd4 O-O-O 14.Nxe6 fxe6
15.f4 Rd5 16.Nf3 Nh6 17.h3 Kb7 18.Nd4 Rxd4 19.exd4 Rd8 20.g4 Rxd4 21.Rf1 c5
22.Kd2 g6 23.a4 a6 24.axb5 axb5 25.Ra5 Rb4 26.Ra3 Rd4 27.Ke3 Rd7 28.Rfa1 Kc6
29.Ra6+ Kd5 30.Kxd3 g5 31.Rd6+ Rxd6 32.exd6 Kxd6 33.Ra6+ Kd5 34.f5 c4+ 35.bxc4+ bxc4+
36.Ke3  1-0

[Event "34th Olympiad"]
[Site "Istanbul TUR"]
[Date "2000.10.29"]
[Round "2"]
[White "Avrukh,B"]
[Black "Miladinovic,I"]
[Result "1-0"]
[WhiteElo "2625"]
[BlackElo "2563"]

1.d4 d5 2.c4 Nc6 3.cxd5 Qxd5 4.e3 e5 5.Nc3 Bb4 6.Bd2 Bxc3 7.bxc3 Nf6 8.f3 e4
9.c4 Qd6 10.Qb1 Bf5 11.f4 O-O 12.Ne2 h5 13.d5 Ne7 14.Bb4 Qd7 15.Nd4 Bg6 16.Be2 c6
17.dxc6 bxc6 18.Bxe7 Qxe7 19.Nxc6 Qc5 20.Nd4 Rab8 21.Qc1 Ng4 22.h3 Nh6 23.g4 Qe7
24.Kf2 Rfc8 25.Kg3 f6 26.Rb1 Rxb1 27.Qxb1 Bf7 28.Rc1 g5 29.Rf1 Kh7 30.Kg2 f5
31.fxg5 Qxg5 32.Nxf5 Nxf5 33.Rxf5 Qe7 34.Qf1 Bg6 35.Rb5  1-0

[Event "34th Olympiad"]
[Site "Istanbul TUR"]
[Date "2000.10.29"]
[Round "2"]
[White "Avrukh,B"]
[Black "Miladinovic,I"]
[Result "1-0"]
[WhiteElo "2625"]
[BlackElo "2563"]

1.d4 d5 2.c4 Nc6 3.cxd5 Qxd5 4.e3 e5 5.Nc3 Bb4 6.Bd2 Bxc3 7.bxc3 Nf6 8.f3 e4
9.c4 Qd6 10.Qb1 Bf5 11.f4 O-O 12.Ne2 h5 13.d5 Ne7 14.Bb4 Qd7 15.Nd4 Bg6 16.Be2 c6
17.dxc6 bxc6 18.Bxe7 Qxe7 19.Nxc6 Qc5 20.Nd4 Rab8 21.Qc1 Ng4 22.h3 Nh6 23.g4 Qe7
24.Kf2 Rfc8 25.Kg3 f6 26.Rb1 Rxb1 27.Qxb1 Bf7 28.Rc1 g5 29.Rf1 Kh7 30.Kg2 f5
31.fxg5 Qxg5 32.Rxf5 Qe7 33.Qf1 Bg6 34.Rxh5 Qd8 35.Qd1 Ra8  1-0

[Event "34th Olympiad"]
[Site "Istanbul TUR"]
[Date "2000.10.30"]
[Round "3"]
[White "Mansoor,J"]
[Black "Mukabi,J"]
[Result "0-1"]
[WhiteElo "2205"]
[BlackElo "2106"]

1.d4 d5 2.c4 Nc6 3.Nf3 Bg4 4.e3 a6 5.Nc3 Nf6 6.cxd5 Nxd5 7.Bc4 e6 8.O-O Qd7
9.h3 Bh5 10.a3 Be7 11.Ne4 Nb6 12.Be2 Rd8 13.b4 Nd5 14.Bb2 O-O 15.b5 Bxf3
16.Bxf3 axb5 17.Be2 Na5 18.Rc1 b6 19.Qc2 Rc8 20.Nc3 Nxc3 21.Qxc3 Bf6 22.Qb4 c6
23.Rfd1 Rfd8 24.e4 Bg5 25.Rb1 Be7 26.Qc3 Bf8 27.h4 Qe7 28.g3 h6 29.Rbc1 b4
30.axb4 Qxb4 31.Rb1 b5 32.Qc2 Nb7 33.Bc3 Qd6 34.Qb2 Ra8 35.Qc2 Ra4 36.Bxb5 cxb5
37.Rxb5 Ra7 38.Rdb1 Qc7 39.e5 Rc8 40.Qd2 Qxc3 41.Qxc3 Rxc3 42.Rxb7 Rxb7 43.Rxb7 Rd3
44.Rd7 g6 45.Kf1 Rd2 46.Ke1 Bb4 47.Kf1 Bc3  0-1

[Event "34th Olympiad"]
[Site "Istanbul TUR"]
[Date "2000.11.01"]
[Round "5"]
[White "Vladimirov,E"]
[Black "Arencibia,W"]
[Result "1/2-1/2"]
[WhiteElo "2598"]
[BlackElo "2513"]

1.d4 d5 2.c4 Nc6 3.Nf3 Bg4 4.Nc3 e6 5.cxd5 exd5 6.Bg5 Be7 7.Bxe7 Ncxe7 8.Ne5 Bc8
9.e3 Nf6 10.Bd3 c6 11.O-O Bf5 12.b4 O-O 13.b5 Qa5 14.Qe1 Bxd3 15.Nxd3 b6
16.a4 Rfc8 17.Ne2 Qxe1 18.Rfxe1 Ne4 19.Ra2 c5 20.dxc5 Nxc5 21.Nxc5 Rxc5 22.Nd4 a5  1/2-1/2

[Event "34th Olympiad Women"]
[Site "Istanbul TUR"]
[Date "2000.11.02"]
[Round "6"]
[White "Peng Zhaoqin"]
[Black "Botsari,A"]
[Result "1/2-1/2"]
[WhiteElo "2403"]
[BlackElo "2325"]

1.d4 d5 2.c4 Nc6 3.cxd5 Qxd5 4.e3 e5 5.Nc3 Bb4 6.Bd2 Bxc3 7.Bxc3 exd4 8.Ne2 Nf6
9.Nxd4 O-O 10.Nb5 Qg5 11.h4 Qh6 12.Be2 Rd8 13.Qa4 Nd5 14.Rd1 Be6 15.h5 a6
16.Rxd5 Bxd5 17.Nxc7 Rac8 18.Nxd5 Rxd5 19.Bf3 Rdd8 20.O-O Qg5 21.Rd1 Rxd1+
22.Qxd1 Rd8 23.Qa4 h6 24.Qe4 Qc5 25.a3 Qd6 26.Qf5 Qd7 27.Qf4 Qd6 28.Qf5 Qe6
29.Qf4 Qd6  1/2-1/2

[Event "Chigorin Mem"]
[Site "St Petersburg RUS"]
[Date "2000.11.04"]
[Round "4"]
[White "Pliasunov,A"]
[Black "Elfert,A"]
[Result "1-0"]
[WhiteElo "2236"]
[BlackElo "2412"]

1.d4 d5 2.c4 Nc6 3.Nc3 dxc4 4.Nf3 Bg4 5.d5 Bxf3 6.exf3 Na5 7.Qa4+ c6 8.b4 cxb3
9.axb3 e6 10.Bd2 exd5 11.Qxa5 Qxa5 12.Rxa5 Bb4 13.Ra4 a5 14.Nb1 Bxd2+ 15.Nxd2 b5
16.Ra2 Kd7 17.Bd3 Kc7 18.O-O Nf6 19.Rfa1 Kb6 20.b4 a4 21.Rc2 Nd7 22.f4 c5
23.Bf5 cxb4 24.Bxd7 b3 25.Rc6+ Kb7 26.Rc5 g6 27.Bxb5 b2 28.Rxa4 Rhc8 29.Rxc8 Rxc8
30.Ba6+  1-0

[Event "Chigorin Mem"]
[Site "St Petersburg RUS"]
[Date "2000.11.09"]
[Round "8"]
[White "Yashtylov,A"]
[Black "Sepman,Y"]
[Result "1/2-1/2"]
[WhiteElo "2314"]
[BlackElo "2291"]

1.d4 d5 2.c4 Nc6 3.Nf3 Bg4 4.cxd5 Bxf3 5.gxf3 Qxd5 6.e3 e5 7.Nc3 Bb4 8.Bd2 Bxc3
9.bxc3 Nf6 10.Be2 O-O 11.O-O Rfe8 12.Rb1 Rab8 13.a4 a6 14.Kh1 Qe6 15.Re1 Ne7
16.Qb3 Qf5 17.e4 Qh5 18.Qc4 Ng6 19.Rg1 c6 20.Rg3 b5 21.axb5 axb5 22.Qd3 Nf4
23.Bxf4 exf4 24.Rg2 g6 25.Rbg1 Ra8 26.Qd2 Qh4 27.Qb2 Qh5 28.Qd2 Qh4 29.Qb2 Reb8
30.Qb3 Kg7 31.Bd1 Ra1 32.c4 Qh5 33.e5 Nd7 34.Qb2 Raa8 35.cxb5 Rxb5 36.Qd2 Ra1
37.Qxf4 Rbb1 38.Bb3 Rxg1+ 39.Rxg1 Rxg1+ 40.Kxg1 Qf5 41.Qxf5 gxf5 42.Ba4 Nf8
43.Bxc6 f6 44.f4 Ne6 45.d5 Nxf4 46.e6 Kf8 47.Kf1 Ke7 48.Ke1 Kd6 49.Bb7 Ng6
50.Ke2 Ne5 51.Ke3 Ng6 52.Kf3 Ke5 53.Kg3 Kd6 54.Ba8 Ke5 55.Bc6 Kd6 56.Kf3 Ke5
57.Kg3 Kd6 58.h4 h6 59.h5 Ne7 60.Kf4 Kc5 61.Bb7 Kd6 62.Bc6 Kc5 63.Ke3 Nc8
64.Bb7 Ne7 65.Kd3 f4 66.Ke4 Kd6 67.Kxf4 Kc5 68.Ke4 Kd6 69.Bc6 Kc5 70.Ba4 Kd6
71.Bd1 Kc5 72.Bg4 Kd6 73.Bh3 Kc5 74.Bf1 Kd6 75.Be2 Kc5 76.Bd3 Kd6 77.Bc4 Kc5
78.Bb3 Kd6 79.Kd4 Nf5+ 80.Kc4 Ke7 81.Kc5 Nd6 82.Bc2 Nb7+ 83.Kc6 Nd6 84.Bd3 Ne8
85.Kc5 Nd6 86.Kd4 Kd8 87.Ke3 Ke8 88.Kf4 Kf8  1/2-1/2

[Event "72nd ch-GER"]
[Site "Seebad Heringsdorf GER"]
[Date "2000.11.19"]
[Round "3"]
[White "Meins,G"]
[Black "Rabiega,R"]
[Result "0-1"]
[WhiteElo "2426"]
[BlackElo "2487"]

1.d4 d5 2.c4 Nc6 3.Nc3 dxc4 4.Nf3 Nf6 5.d5 Na5 6.Qa4+ c6 7.b4 b5 8.Qxa5 Qxa5
9.bxa5 b4 10.dxc6 bxc3 11.Rb1 Ba6 12.Ne5 O-O-O 13.Nxf7 c2 14.Rb8+ Kxb8 15.Nxd8 e5
16.c7+ Kc8 17.Kd2 Bb4+ 18.Kxc2 Kxc7 19.Ne6+ Kd6 20.Nxg7 Bb5 21.e4 Rb8 22.Nf5+ Ke6
23.f3 Bxa5 24.Bb2 Nd7 25.Ne3 Ba4+ 26.Kb1 Nb6 27.g3 c3 28.Ba3 Rd8 29.Bc4+ Nxc4
30.Nxc4 c2+  0-1

[Event "Scaccomatto"]
[Site "Torino ITA"]
[Date "2000.11.20"]
[Round "3"]
[White "Delchev,A"]
[Black "Skembris,S"]
[Result "1-0"]
[WhiteElo "2557"]
[BlackElo "2475"]

1.d4 d5 2.c4 Nc6 3.Nc3 Nf6 4.Nf3 Bg4 5.cxd5 Nxd5 6.e4 Nxc3 7.bxc3 e5 8.d5 Bxf3
9.Qxf3 Na5 10.Qg3 Qf6 11.Bg5 Qd6 12.Bb5+ c6 13.dxc6 bxc6 14.Rd1 Qc7 15.Be2 h5
16.O-O Bc5 17.Be3 Bf8 18.f4 Bd6 19.Qxg7 O-O-O 20.Rb1 Rdg8 21.Qf6 exf4 22.Rfd1 Qe7
23.Ba6+ Kd7 24.Qf5+ Ke8 25.Rb8+  1-0

[Event "72nd ch-GER"]
[Site "Seebad Heringsdorf GER"]
[Date "2000.11.21"]
[Round "5"]
[White "Alber,H"]
[Black "Wisnewski,C"]
[Result "0-1"]
[WhiteElo "2340"]
[BlackElo "2140"]

1.d4 d5 2.c4 Nc6 3.cxd5 Qxd5 4.Nf3 e5 5.Nc3 Bb4 6.e3 exd4 7.exd4 Nf6 8.Bd2 Bxc3
9.bxc3 Na5 10.Qe2+ Be6 11.Ng5 O-O 12.Nxe6 Rfe8 13.Be3 Qxe6 14.Qd3 Nd5 15.Be2 c5
16.Rb1 f5 17.g3 c4 18.Qc2 Nxe3 19.fxe3 Qxe3 20.Rb5 Nc6 21.Rf1 Qd3 22.Qd2 Re3
23.Rf2 Rae8 24.Kd1 Rxe2  0-1

[Event "72nd ch-GER"]
[Site "Seebad Heringsdorf GER"]
[Date "2000.11.22"]
[Round "6"]
[White "Siebrecht,S"]
[Black "Wisnewski,C"]
[Result "0-1"]
[WhiteElo "2376"]
[BlackElo "2140"]

1.d4 d5 2.c4 Nc6 3.Nc3 dxc4 4.d5 Ne5 5.f4 Nd7 6.e4 Nb6 7.Bxc4 Nxc4 8.Qa4+ Bd7
9.Qxc4 c6 10.Nf3 e6 11.O-O cxd5 12.exd5 Rc8 13.Qb3 Bc5+ 14.Kh1 Nf6 15.f5 exd5
16.Bg5 Bc6 17.Rae1+ Kf8 18.Ne5 Qb6 19.Qc2 Qc7 20.Qd2 h5 21.Bxf6 gxf6 22.Nf3 Rd8
23.Ne2 Bd6 24.Ned4 Kg7 25.Qf2 Rde8 26.Qh4 Re4 27.Qf2 Rhe8 28.Rc1 Bf4 29.Rcd1 Be3
30.Qc2 Qd6 31.a3 R8e7 32.b4 a6 33.Ne2 h4 34.Ned4 Kh7 35.h3 Qd7 36.Rd3 Rf4
37.Qd1 Ba4 38.Qb1 Rfe4 39.Qb2 Qc7 40.Qe2 Bxd4 41.Ng5+ fxg5 42.Qh5+ Kg8 43.Qxg5+ Kf8
44.Rxd4 Rxd4 45.f6 Re5 46.Qg7+ Ke8 47.Qg8+ Kd7 48.Qxf7+ Kc6 49.Qxc7+ Kxc7
50.f7 Re8  0-1

[Event "72nd ch-GER"]
[Site "Seebad Heringsdorf GER"]
[Date "2000.11.23"]
[Round "7"]
[White "Nenashev,A"]
[Black "Rabiega,R"]
[Result "0-1"]
[WhiteElo "2642"]
[BlackElo "2487"]

1.d4 d5 2.c4 Nc6 3.Nf3 Bg4 4.Nc3 e6 5.Bf4 Bb4 6.e3 Nf6 7.Rc1 O-O 8.h3 Bxf3
9.Qxf3 Bxc3+ 10.Rxc3 Ne4 11.Rc1 e5 12.dxe5 Qe7 13.Qd1 Nxe5 14.a3 Ng6 15.Qf3 Qf6
16.Rc2 Nxf4 17.cxd5 Rfe8 18.Qxf4 Qxf4 19.exf4 Ng3+ 20.Be2 Nxh1 21.Kf1 c6
22.dxc6 Rac8 23.Bf3 bxc6 24.b4 Rcd8 25.g4 Rd3 26.Kg2 Re1 27.b5 c5 28.a4 g6
29.a5 Rb3 30.Bc6 Reb1 31.Rxc5 R3b2 32.Kf3 Nxf2 33.Rd5 Nxh3 34.Rd8+ Kg7 35.Rd7 Rb3+
36.Ke4 Rb4+ 37.Kd5 Rxb5+ 38.Bxb5 Rxb5+  0-1

[Event "72nd ch-GER"]
[Site "Seebad Heringsdorf GER"]
[Date "2000.11.24"]
[Round "8"]
[White "Bunzmann,D"]
[Black "Wisnewski,C"]
[Result "1/2-1/2"]
[WhiteElo "2484"]
[BlackElo "2140"]

1.d4 d5 2.c4 Nc6 3.cxd5 Qxd5 4.e3 e5 5.Nc3 Bb4 6.Bd2 Bxc3 7.Bxc3 exd4 8.Ne2 Bg4
9.f3 O-O-O 10.Nxd4 Nf6 11.fxg4 Rhe8 12.Qf3 Nxd4 13.Qxd5 Rxd5 14.O-O-O Nc6
15.Bxf6 Rxd1+ 16.Kxd1 gxf6 17.Bd3 h6 18.Rf1 Ne5 19.Ke2 Kd8 20.h3 Ke7 21.Rf5 Rg8
22.Be4 c6 23.Rh5 Rh8 24.Rf5 Rg8 25.b3 Rg5 26.Rf1 Rg8  1/2-1/2

[Event "Open"]
[Site "Padova ITA"]
[Date "2000.12.02"]
[Round "1"]
[White "Timoscenko,G"]
[Black "Rossato,A"]
[Result "1-0"]
[WhiteElo "2529"]
[BlackElo "2201"]

1.d4 d5 2.c4 Nc6 3.cxd5 Qxd5 4.e3 e5 5.Nc3 Bb4 6.Bd2 Bxc3 7.Bxc3 exd4 8.Ne2 Nf6
9.Nxd4 O-O 10.Nb5 Qg5 11.h4 Qh6 12.Qf3 Bg4 13.Qg3 Rad8 14.Bc4 a6 15.Nxc7 Ne4
16.Qxg4 Nxc3 17.bxc3 Ne5 18.Qe4 Qd6 19.O-O Qxc7 20.Bb3 h5 21.Rfd1 Rde8 22.Qf4 Re7
23.Rd5 Qxc3 24.Rad1 Ng6 25.Qg5 Re5 26.Rxe5 Nxe5 27.Qxh5 g6 28.Qh6 Ng4 29.Qxg6+  1-0

[Event "FSGM December"]
[Site "Budapest HUN"]
[Date "2000.12.10"]
[Round "8"]
[White "Markus,R"]
[Black "Antal,Ge"]
[Result "1-0"]
[WhiteElo "2465"]
[BlackElo "2405"]

1.d4 d5 2.c4 Nc6 3.Nc3 dxc4 4.d5 Ne5 5.f4 Ng4 6.e4 e5 7.f5 h5 8.Nh3 Bc5 9.Qf3 Ne7
10.Bxc4 a6 11.Ng5 Qd6 12.h3 Nf6 13.Be3 Bd7 14.Bb3 Nc8 15.O-O-O Bxe3+ 16.Qxe3 Nh7
17.Ne6 Rg8 18.g4 a5 19.a3 b5 20.Qe2 Rb8 21.g5 b4 22.Qxh5 Nf8 23.axb4 axb4
24.Na2 g6 25.fxg6 Rxg6 26.Kb1 Qb6 27.Nxf8 Kxf8 28.Qh8+ Rg8 29.Qxe5 Qd6 30.Qxd6+ Nxd6
31.e5 Ne4 32.e6 fxe6 33.dxe6 Bc6 34.Rhf1+ Ke8 35.h4 Nc5 36.Bc4 Be4+ 37.Kc1 Rh8
38.Rf4 Bg6 39.Rfd4  1-0

[Event "Open"]
[Site "Padova ITA"]
[Date "2000.12.10"]
[Round "9"]
[White "Gorecki,Z"]
[Black "Rossato,A"]
[Result "0-1"]
[WhiteElo "2005"]
[BlackElo "2201"]

1.d4 d5 2.c4 Nc6 3.e3 e6 4.Nc3 Nf6 5.Bd3 Be7 6.Nge2 O-O 7.cxd5 exd5 8.O-O Nb4
9.Bb1 c6 10.a3 Na6 11.b4 Nc7 12.Bd3 Bd6 13.Qc2 Re8 14.Ng3 h5 15.Bb2 Ng4 16.Rfe1 Qh4
17.h3 Nxf2 18.Nf5 Bxf5 19.Bxf5 Ne4 20.Bxe4 dxe4 21.Rf1 Nd5 22.Qf2 Qxf2+ 23.Kxf2 a5
24.Nxd5 cxd5 25.b5 Rac8 26.Rac1 g6 27.Ke2 Kg7 28.Kd2 f5 29.a4 Bb4+ 30.Ke2 Kf6
31.Rxc8 Rxc8 32.Rc1 Rxc1 33.Bxc1 h4 34.Kf2 g5 35.Ke2 g4 36.Kf2 Kg5 37.Ke2 Bd6
38.Bd2 b6 39.Bc1 Bb4 40.Kf2 Bd6 41.Ke2 f4 42.exf4+ Bxf4 43.Ba3 Kf5 44.Be7 gxh3
45.gxh3 Bg5 46.Bd6 Bd8 47.Ke3 Bg5+ 48.Ke2 Bf4 49.Be7 Bc7 50.Bxh4 Kf4 51.Bf6 Kf5
52.Be7 Ke6 53.Bg5 Kd7 54.h4 Bd8 55.Bf4 Bxh4 56.Be5 Bd8 57.Ke3 Bc7 58.Bf6 Ke6
59.Bg5 Kf5 60.Be7 Kg4 61.Bf6 Bf4+ 62.Ke2 Bg5 63.Be5 Bd8 64.Ke3 Kh3 65.Bb8 Kg2
66.Ke2 Kh3 67.Be5 Kg4 68.Ke3 Bg5+ 69.Ke2 Bf4 70.Bf6 Bc7 71.Ke3 Bh2 72.Kf2 Bg3+
73.Ke3 Bh4 74.Be5 Bd8 75.Ke2 Kf5 76.Bb8 Bf6 77.Ke3 Bg5+  0-1

[Event "FSGM December"]
[Site "Budapest HUN"]
[Date "2000.12.12"]
[Round "10"]
[White "Lukacs,P"]
[Black "Antal,Ge"]
[Result "1-0"]
[WhiteElo "2488"]
[BlackElo "2405"]

1.d4 d5 2.c4 Nc6 3.Nc3 dxc4 4.Nf3 Nf6 5.e3 Bg4 6.Bxc4 e6 7.h3 Bh5 8.Bb5 Nd7
9.O-O Bd6 10.b3 O-O 11.Bb2 Nb4 12.Ne4 Be7 13.Ng3 Bg6 14.e4 c6 15.Be2 f5 16.d5 fxe4
17.Nd4 exd5 18.Ne6 Qb6 19.Bxg7 Rf7 20.a3 Rxg7 21.Nxg7 Kxg7 22.axb4 Bxb4 23.h4 Bd6
24.Kh1 Rf8 25.Bg4 Rxf2 26.Bxd7 Bxg3 27.Qg4 Bb8 28.h5 Qc7 29.g3 Qxg3 30.Qxg3 Bxg3
31.Rxf2 Bxf2 32.hxg6 hxg6 33.Kg2 Bb6 34.Bc8 d4 35.Bxb7 d3 36.Bxc6 e3 37.Bb5 Bd4
38.Rh1 d2 39.Kf3  1-0

[Event "Open"]
[Site "Ano Liosia GRE"]
[Date "2001.01.03"]
[Round "7"]
[White "Shipov,S"]
[Black "Tassopoulos,M"]
[Result "1-0"]
[WhiteElo "2640"]
[BlackElo "2182"]

1.d4 d5 2.c4 Nc6 3.cxd5 Qxd5 4.e3 e5 5.Nc3 Bb4 6.Bd2 Bxc3 7.Bxc3 exd4 8.Ne2 Bg4
9.f3 Bxf3 10.gxf3 Qxf3 11.Bxd4 Nxd4 12.Qxd4 Qxh1 13.Qxg7 O-O-O 14.Qxh8 Qxh2
15.Qg7 Qh4+ 16.Qg3 Qb4+ 17.Kf2 Nf6 18.Qf4 Qxb2 19.Rc1 Rd6 20.Bh3+ Kb8 21.a4 a6
22.Bf5 Nd5 23.Qd4 Qxd4 24.Nxd4 h6 25.Be4 Ne7 26.a5 f5 27.Nxf5 Nxf5 28.Bxf5 Rd5
29.e4 Rxa5 30.Ke3 Re5 31.Kd4 Re7 32.e5 c6 33.e6 Kc7 34.Ke5 b5 35.Be4 a5 36.Rxc6+ Kd8
37.Ra6  1-0

[Event "3rd Hilton Open"]
[Site "Basle SUI"]
[Date "2001.01.03"]
[Round "3"]
[White "Hobuss,U"]
[Black "Eschmann,P"]
[Result "1-0"]
[WhiteElo "2402"]
[BlackElo "2177"]

1.d4 d5 2.c4 Nc6 3.cxd5 Qxd5 4.e3 e5 5.Nc3 Bb4 6.Bd2 Bxc3 7.Bxc3 exd4 8.Ne2 Bg4
9.f3 O-O-O 10.Nxd4 Nf6 11.fxg4 Rhe8 12.Qe2 Nxd4 13.Bxd4 Qa5+ 14.Bc3 Qb6 15.Bxf6 Qxf6
16.Rd1 Rxd1+ 17.Kxd1 Qb6 18.Qb5 Qxe3 19.Qf5+ Kb8 20.Bd3 Rd8 21.Kc2 g6 22.Qe4 Qc5+
23.Kb1 a6 24.h3 Rd4 25.Qe8+ Ka7 26.Qe3 Qd6 27.Rf1 b6 28.Bc2 f6 29.a3 Rc4
30.Rd1 Qc6 31.Bd3 Rc5 32.Be4 Qa4 33.Qd3 f5 34.gxf5 gxf5 35.Bf3 a5 36.Qd8 Qc2+
37.Ka1 Ka6 38.Qd3+ Qxd3 39.Rxd3  1-0

[Event "108th ch-NZL"]
[Site "Auckland NZL"]
[Date "2001.01.05"]
[Round "6"]
[White "Green,P"]
[Black "Spain,G"]
[Result "1-0"]
[WhiteElo "2239"]
[BlackElo "2180"]

1.d4 d5 2.c4 Nc6 3.cxd5 Qxd5 4.e3 e5 5.Nc3 Bb4 6.Bd2 Bxc3 7.Bxc3 exd4 8.Ne2 Nf6
9.Nxd4 O-O 10.Nb5 Qg5 11.Nxc7 Bg4 12.Bxf6 gxf6 13.Qd5 Rad8 14.Qxg5+ fxg5
15.Be2 Bf5 16.Nb5 a6 17.Nc3 Nb4 18.Rd1 Nc2+ 19.Kf1 b5 20.g4 Bg6 21.Kg2 Nb4
22.Rd4 Nc6 23.Rxd8 Rxd8 24.Rd1 Rxd1 25.Bxd1 Nb4 26.Be2 Kf8 27.a3 Nc2 28.Bd1 Ne1+
29.Kg3 Nd3 30.b4 Ke7 31.Bf3 Nb2 32.Bb7 Nc4 33.Bxa6 Nxa3 34.Bxb5 Nc2 35.Nd5+ Kd6
36.Bc4 h5 37.gxh5 Bxh5 38.b5 Be2 39.Bxe2 Kxd5 40.Kg4 f6 41.Kf5  1-0

[Event "Open"]
[Site "Ano Liosia GRE"]
[Date "2001.01.06"]
[Round "9"]
[White "Chatalbashev,B"]
[Black "Georgiou,K"]
[Result "1-0"]
[WhiteElo "2494"]
[BlackElo "2135"]

1.d4 d5 2.c4 Nc6 3.e3 e5 4.dxe5 d4 5.a3 a5 6.Nf3 Bc5 7.Be2 Bg4 8.exd4 Bxf3
9.Bxf3 Qxd4 10.Bxc6+ bxc6 11.Qe2 Ne7 12.O-O Ng6 13.e6 O-O 14.Nc3 Qh4 15.Ne4 Qe7
16.Qh5 Bd4 17.Ng5 h6 18.exf7+ Rxf7 19.Nxf7 Qxf7 20.Rb1 Re8 21.Be3 Bf6 22.b3 Re5
23.Qf3 Nh4 24.Qxc6 Qg6 25.Bf4 Re2 26.Rbe1 Qg4 27.Rxe2 Qxe2 28.Bg3 Ng6 29.Qd5+ Kh7
30.Qxa5 h5 31.Re1  1-0

[Event "Anibal Open"]
[Site "Anibal Open ESP"]
[Date "2001.01.09"]
[Round "2"]
[White "Del Rio Angelis,S"]
[Black "Hernandez Basante,F"]
[Result "1-0"]
[WhiteElo "2467"]
[BlackElo "2309"]

1.d4 d5 2.c4 Nc6 3.e3 e5 4.dxe5 d4 5.exd4 Qxd4 6.Qxd4 Nxd4 7.Bd3 Be6 8.Nf3 O-O-O
9.Nxd4 Rxd4 10.Ke2 Bxc4 11.Bxc4 Rxc4 12.Nc3 f6 13.Kd3 Rc5 14.exf6 Nxf6 15.Be3 Re5
16.Bd4 Re8 17.Rad1 Rd8 18.Kc4 Be7 19.Rhe1 Rhe8 20.b4 a6 21.a4 b6 22.b5 a5
23.Bxf6 Bxf6 24.Rxd8+ Rxd8 25.Nd5 Rd6 26.Re8+ Kd7 27.Rg8 Ke6 28.Re8+ Kd7
29.Re4 c6 30.Nxb6+ Kc7 31.Kc5 Rd2 32.bxc6 Rxf2 33.Nd5+  1-0

[Event "1st Integrata GM"]
[Site "Darmstadt GER"]
[Date "2001.01.12"]
[Round "7"]
[White "Bunzmann,D"]
[Black "Gutman,L"]
[Result "1-0"]
[WhiteElo "2484"]
[BlackElo "2533"]

1.d4 d5 2.c4 Nc6 3.cxd5 Qxd5 4.e3 e5 5.Nc3 Qd8 6.d5 Nb8 7.Bd3 Nf6 8.e4 a6
9.h3 Bc5 10.Nf3 Nbd7 11.O-O O-O 12.Bg5 h6 13.Bh4 Re8 14.Rc1 Bd6 15.Nd2 Nf8
16.Qf3 g5 17.Bg3 Ng6 18.Nc4 Nf4 19.Rfe1 Nh7 20.Bf1 Qf6 21.Qd1 Qg6 22.Nxd6 Qxd6
23.Na4 Rb8 24.Qc2 Re7 25.Qc5 b5 26.Qxd6 cxd6 27.Nc3 f5 28.f3 Nf6 29.Nb1 fxe4
30.fxe4 Bd7 31.Rc7 N4h5 32.Bf2 Rf7 33.Nd2 Ne8 34.Rc2 g4 35.hxg4 Nhf6 36.Bh4 Nxg4
37.Nb3 Ngf6 38.Na5 Rg7 39.Bf2 Ng4 40.Bh4 Nef6 41.Rc7 Be8 42.Rc3 Ra8 43.Nc6 Bg6
44.Rf3 Rf8 45.Bd3 Rgf7 46.Nb4 Ra8 47.Bb1 Kg7 48.a3 Rc7 49.Nc6 Rf8 50.Rc3 Rfc8
51.Bd3 Nh5 52.Be2 Nhf6 53.Bf3 Be8 54.Rec1 Bg6 55.Re1 h5 56.Bg5 Nh6 57.Be3 Nhg8
58.Bb6 Rb7 59.Ba5 Rd7 60.Kf2 Nh6 61.Kf1 Nf7 62.Nd4 Rxc3 63.Ne6+ Kg8 64.bxc3 Nh7
65.c4 bxc4 66.Rc1 Nfg5 67.Nxg5 Nxg5 68.Rxc4 Kf7 69.Kf2 Ke7 70.Bd2 Nxf3 71.Kxf3 Rb7
72.Bb4 Be8 73.Kg3 Bd7 74.Kh4 Rb8 75.Rc7 Rg8 76.Ra7 Rg4+ 77.Kxh5 Rxe4 78.Rxa6 Bc8
79.Rc6 Bg4+ 80.Kg5 Bd7 81.Rxd6 Ke8 82.Rh6 Ba4 83.Kf6 Rg4 84.Ke6 Kd8 85.Rh8+ Kc7
86.Bd6+ Kb7 87.Rb8+ Ka7 88.Rb4 Rg6+ 89.Kxe5 Bd7 90.Rb2  1-0

[Event "IM Closed"]
[Site "Martinenc ESP"]
[Date "2001.01.13"]
[Round "6"]
[White "Granados Gomez,M"]
[Black "Ferron Garcia,C"]
[Result "1/2-1/2"]
[WhiteElo "2408"]
[BlackElo "2283"]

1.d4 d5 2.c4 Nc6 3.Nc3 e5 4.cxd5 Nxd4 5.e3 Nf5 6.Nf3 Bd6 7.e4 Nfe7 8.Bb5+ Bd7
9.Bxd7+ Qxd7 10.O-O Nf6 11.Bg5 Neg8 12.Rc1 h6 13.Bh4 a6 14.Bg3 Qe7 15.Qa4+ Kf8
16.Nd1 Nh5 17.Ne3 Nxg3 18.hxg3 g6 19.Qb3 Rb8 20.Nc4 Nf6 21.Qd3 Kg7 22.Rc2 Rhd8
23.Rfc1 Rd7 24.Qe2 Rdd8 25.a3 Rd7 26.b4 Rdd8 27.Nfd2 Nd7 28.Nb3 h5 29.Nca5 Qg5
30.Nc4 Rh8 31.Qe3 Qg4 32.Qf3 Qg5 33.Qe3 Qg4 34.Qf3 Qg5 35.Nxd6 cxd6 36.Rc7 Nf6
37.Na5 h4 38.g4 b6 39.Nb3 Rhf8 40.R1c6 Nxg4 41.Rxd6 h3 42.Qxh3 Nf6 43.Rc4 Rh8
44.Qf3 Rh5 45.Rcc6 Rbh8 46.Kf1 Rh1+ 47.Ke2 Ne8 48.Rd7 Nf6 49.Qxf6+ Qxf6 50.Rxf6 Kxf6
51.Rd6+ Kg5 52.Rxb6 Ra8 53.Nc5 Ra1 54.a4 Ra2+ 55.Ke3 Ra3+ 56.Ke2 Ra2+ 57.Ke3 Ra3+  1/2-1/2

[Event "IM Closed"]
[Site "Martinenc ESP"]
[Date "2001.01.17"]
[Round "10"]
[White "Jose Abril,R"]
[Black "Ferron Garcia,C"]
[Result "0-1"]
[WhiteElo "2397"]
[BlackElo "2286"]

1.d4 d5 2.c4 Nc6 3.cxd5 Qxd5 4.e3 e5 5.Nc3 Bb4 6.Bd2 Bxc3 7.bxc3 Nf6 8.f3 e4
9.f4 Na5 10.Qa4+ Bd7 11.Qb4 b6 12.c4 Qf5 13.Ne2 Nb7 14.Ng3 Qg6 15.Qa3 h5
16.Rb1 Ng4 17.Ne2 Nd6 18.Rc1 O-O 19.h3 Nh6 20.g3 Nhf5 21.Kf2 b5 22.cxb5 Bxb5
23.Rg1 Nc4 24.Qb4 Nfd6 25.g4 Rab8 26.Qc3 Ba6 27.Rc2 Rb1 28.Bc1 Bb5 29.Ba3 Rb8
30.Bc5 hxg4 31.Rxg4 Qh6 32.Ng3 Rxf1+ 33.Nxf1 Qxh3 34.Rg3 Qh5 35.Kg1 Nf5 36.Rg5 Qh3
37.Rh2 Qf3 38.Rxf5 Qg4+ 39.Ng3 Qxg3+ 40.Rg2 Qxe3+ 41.Qxe3 Nxe3 42.Bxa7 Ra8
43.Rxb5 Nxg2 44.Rb8+ Rxb8 45.Bxb8 Nxf4 46.Bxc7 Nd5 47.Bd6 f5 48.a4 Kf7 49.a5 Ke6
50.Bf8 Kd7 51.Bxg7 Kc6 52.Kf2 Kb5 53.Be5 Kxa5 54.Kg3 Kb4 55.Kf2 Kc4 56.Ke2 f4
57.Kd2 f3 58.Bg3 e3+ 59.Ke1 Kxd4 60.Kf1 Kd3 61.Be1 Nf4 62.Ba5 Ng2 63.Bb4 e2+
64.Kf2 e1=Q+ 65.Bxe1 Nxe1  0-1

[Event "ch-POL Boys U18"]
[Site "Zakopane POL"]
[Date "2001.01.21"]
[Round "6"]
[White "Paterek,M"]
[Black "Wojciechowski,A"]
[Result "1/2-1/2"]
[WhiteElo "2141"]
[BlackElo "2112"]

1.d4 d5 2.c4 Nc6 3.Nc3 dxc4 4.d5 Ne5 5.Qd4 Ng6 6.e4 e6 7.Be3 exd5 8.O-O-O Bd6
9.Nf3 Bg4 10.exd5 Bxf3 11.gxf3 Qf6 12.Qxc4 N8e7 13.Qb5+ Kf8 14.Be2 Nf4 15.Bc4 Ng2
16.Qb3 b6 17.Be2 Nf4 18.Ba6 Rd8 19.Rhg1 Be5 20.Ne4 Qh4 21.Bc4 h6 22.Qa3 Qxh2
23.Qxa7 b5 24.Bxb5 Nfxd5 25.Rge1 Kg8 26.Qc5 c6 27.Bc4 Rb8 28.b3 Nxe3 29.Rh1 Bb2+
30.Kb1 Ba3 31.Qxa3 Nxc4 32.Qxe7 Qe5 33.Qxe5 Nxe5 34.f4 Ng4 35.Rhg1 f5 36.f3  1/2-1/2

[Event "US Amateur Team East"]
[Site "Parsippany USA"]
[Date "2001.02.17"]
[Round "2"]
[White "Koepcke,R"]
[Black "Lapshun,Y"]
[Result "0-1"]
[WhiteElo "2275"]
[BlackElo "2406"]

1.d4 d5 2.c4 Nc6 3.Nf3 Bg4 4.cxd5 Bxf3 5.dxc6 Bxc6 6.f3 e6 7.Nc3 Bd6 8.g3 h5
9.Bg2 h4 10.Kf2 f5 11.Qb3 Qf6 12.Be3 Ne7 13.Rad1 h3 14.Bf1 f4 15.Bxf4 Bxf4
16.gxf4 Qh4+ 17.Ke3 O-O-O 18.Kd3 Nf5 19.Ne4 Nxd4 20.Qb4 a5  0-1

[Event "8th Metalis Open"]
[Site "Bizovac CRO"]
[Date "2001.02.22"]
[Round "2"]
[White "Cajzler,H"]
[Black "Kovacevic,B"]
[Result "1/2-1/2"]
[WhiteElo "2204"]
[BlackElo "2457"]

1.d4 d5 2.c4 Nc6 3.cxd5 Qxd5 4.Nf3 e5 5.Nc3 Bb4 6.Bd2 Bxc3 7.Bxc3 e4 8.Nd2 e3
9.fxe3 Nf6 10.e4 Nxe4 11.Nxe4 Qxe4 12.d5 Ne7 13.d6 cxd6 14.Qxd6 O-O 15.Qe5 Qxe5
16.Bxe5 Re8 17.Kf2 Nf5 18.Bf4 Be6 19.e4 Nd4 20.Rd1 Red8 21.b3 Rac8 22.Bd3 f6
23.Be3 Nc6 24.Bb1 a6 25.Bb6 Rxd1 26.Rxd1 Kf7 27.h3 Ne5 28.Be3 Bd7 29.Bf4 Bc6
30.Bxe5 fxe5 31.Bd3 Ke7 32.Ke3 Rd8 33.Rc1 Rd6 34.Rc5 Kf6 35.h4 Rd4 36.a3 Ke6
37.b4 Kd6 38.g3 Bd7 39.Bc4 a5 40.Rd5+ Rxd5 41.Bxd5 axb4 42.axb4 Bc6 43.Bg8 h6
44.Bc4 Kc7 45.Bd3 Kb6 46.Kd2 Bb5 47.Bc2 Bf1  1/2-1/2